02863nam a2200517Ia 45000010005000000080041000050100009000460410014000550820016000692450146000852600013002313000008002445200007002526300014002596300017002736500039002906900016003297000041003457000042003869010051004289020006004799030049004859040018005349050031005529060006005839070017005899080031006069090068006379100015007059110010007209120014007309130009007449140024007539150009007779160009007869170009007959180014008049190018008185201450008369210007022869220007022939230006023009240014023069420010023209990015023301125241029s9999 xx 000 0 und d a1036 aEspañol aMCETE - 221 0aProyecto de Creación y Gestión de una Guardería Infantil Privada en la Zona Sur del Municipio de Santiago de los Caballeros, Año 2006 aSantiago a113 a27 aGestión aGuarderías aAdministración de la Educación aSintetizado easesoraJoaquín de Lowden, Rafaela eautoraCoste Cárdena, José Rafael a{"1":"Coste Cárdena"}b{"1":"José Rafael"} a1 a{"1":"Joaquín de Lowden"}b{"1":"Rafaela"} aMagíster en aCiencias de la Educación a1 aMención en aAdministración Educativa aUniversidad Tecnológica de Santiago (UTESA), Recinto Santiago aNULLbNULL a["1"] aNO APLICA aNULL a03 de Abril de 2006 aNULL aNULL aNULL aNO APLICA a["111","113"] aLa investigación pretendió diseñar un proyecto de creación y gestión de una guardería privada en la zona Sur del Municipio de Santiago. La investigación fue bibliográfica y de campo y se fundamentó en el método deductivo. Las técnicas utilizadas para la recolección de datos fueron las lecturas y análisis de documentos relacionados con el tema y consultas en el Internet. El cuestionario fue el instrumento aplicado a la muestra representada por 93 habitantes de la zona Sur del municipio de Santiago.Entre las principales conclusiones de la investigación, se destaca que la mayoría de los entrevistados estarían de acuerdo de inscribir sus hijos en una institución de cuidados infantiles, que además de atención primaria, forme y eduque a sus niños/as y  para los clientes potenciales, el principal requisito de esta institución debe ser el servicio, la seguridad, calidad de la instalación y los equipos.La investigación recomienda a las personas e instituciones de la zona sur del Municipio de Santiago gestionar e impulsar la creación de una Guardería, pues los análisis realizados indican que el proyecto es viable, lo que se expresa en las siguientes variables: tasa interna de retorno, relación beneficio costo, valor actual neto y punto de equilibrio y la demanda está en crecimiento durante el transcurrir del tiempo, lo que justifica la continuidad y solidez de la inversión. a11 a11 a0 aNO APLICA cTesis c1036d1036